000 00294nam a2200133Ia 4500
008 140130s9999 xx 000 0 und d
245 _cElhert, Lois
_aGrowing vegetables soup
260 _bScholastic,
_c1987
300 _a30
440 _v1
521 _aBR
942 _cBK
999 _c39862
_d39862